[Event "Moscow Aeroflot op-A"]
[Site "Moscow"]
[Date "2007.02.19"]
[Round "6"]
[White "Riazantsev, Alexander"]
[Black "Movsesian, Sergei"]
[Result "1-0"]
[WhiteElo "2629"]
[BlackElo "2637"]
[Annotator "Rogozenco,D"]
[PlyCount "89"]
[EventDate "2007.02.14"]
[EventType "swiss"]
[EventRounds "9"]
[EventCountry "RUS"]
[SourceTitle "CBM 117"]
[Source "ChessBase"]
[SourceDate "2007.03.30"]
[SourceVersion "1"]
[SourceVersionDate "2007.03.30"]
[SourceQuality "1"]

1. d4 d5 2. c4 c6 3. Nc3 Nf6 4. Nf3 a6 5. Ne5 {There have been new ideas in
this line lately, which started to gain popularity mainly thanks to GM
Gleizerov. The present game shows that Sergei wasn'r really aware of the
possible dangers.} Nbd7 {The most popular answer. However, due to White's
latest developments perhaps it makes sense to start with 5...e6!?} ({The idea
after} 5... e6 6. Bf4 {(played most frequently, although White has other moves
too)} dxc4 7. Nxc4 b5 8. Ne5 {is that now Black conveniently advances the
c-pawn:} Bb7 9. e3 c5 {The position is equal. A possible follow-up is} 10. dxc5
Qxd1+ 11. Rxd1 Bxc5 12. Be2 Nbd7 $11) 6. Bf4 dxc4 ({Now} 6... e6 {is no longer
so attractive, since after} 7. e3 {playing in a similar fashion for ...c6-c5
would be a mistake:} dxc4 $2 8. Bxc4 b5 9. Bd3 Bb7 10. Qf3 $5 $16 {and White
is a tempo up comparing to the game}) 7. Nxc4 b5 8. Ne5 Bb7 9. e3 e6 10. Qf3 $5
{This relatively new plan appeared few years ago and has been very successful
in practice so far. White prevents the advance ...c5 and sets some pressure on
Black's position.} ({Previously White used to play} 10. Be2 {but then after} c5
({Quite playable is also} 10... Be7 11. O-O O-O 12. Bf3 Nd5 (12... Qb6 13. Bg5
$1 $14) (12... Nxe5 13. Bxe5 Nd7 14. Bg3 Qb6 $14 {/=}) 13. Bg3 Nxe5 14. Bxe5
Nxc3 15. bxc3 Qd7 (15... Qb6 16. a4 c5 17. Bxb7 Qxb7 18. Qg4 g6 19. dxc5 Qd5
20. Qd4 Qxc5 $11 {1/2-1/2 Jurka,M (2346)-Trichkov,V (2337)/Czechia 2004 (31)})
16. a4 f6 17. Bg3 c5 $14 {/=, 1/2-1/2 Ulibin,M (2558)-Volkov,S (2620)/
Krasnoyarsk 2003 (47)}) 11. O-O (11. Bf3 Bxf3 (11... Qb6 12. Nxd7 Nxd7 13. O-O
Be7 14. d5 $36 {1-0 Evseev,D (2370)-Khruschiov,A (2155)/Tusnad 1997 (45)}) 12.
Qxf3 cxd4 13. exd4 Bb4 $1 14. Bg5 (14. O-O Bxc3 15. bxc3 Nd5 (15... O-O 16. Nc6
Qb6 17. c4 $1 $36 bxc4 $140 $2 18. Rab1 $18) 16. c4 bxc4 17. Nxc4 Qf6 18. Bd6
Qxf3 19. gxf3 Rc8 20. Rfc1 N7b6 $11 {0-1 Szabolcsi,J (2425)-Keitlinghaus,L 
(2515)/Budapest 1996 (64)}) 14... Qc8 ({or} 14... Bxc3+ 15. bxc3 Qc8 $11 {
1/2-1/2 Dao Thien Hai (2535)-Keitlinghaus,L (2515)/Budapest 1996 (32)}) 15.
Bxf6 Bxc3+ $1 (15... Nxf6 16. Rc1 $1 $11 {/+/=, 1/2-1/2 Gleizerov,E (2576)
-Komliakov,V (2450)/Abu Dhabi 2002 (40)}) 16. bxc3 Nxf6 $11) 11... Nxe5 12.
Bxe5 cxd4 13. Bxd4 Be7 {1/2-1/2 Atalik,S (2598)-Chernin,A (2619)/Bled 1999 (25)
the position is equal.}) 10... Qb6 {In spite of apparently logical moves
Sergei will very soon end up in big troubles. Probably Black must forget about
ambitious intentions and agree to a slightly inferior endgame after 10...Nd5.}
(10... Nd5 11. Nxd5 Nxe5 12. Bxe5 Qxd5 (12... cxd5 13. Bd3 Bb4+ 14. Ke2 O-O $14
) 13. Qxd5 cxd5 14. Bd3 f6 15. Bg3 {Thanks to more active bishops and the
possibility to play on the queenside with a2-a4 White keeps slightly better
prospects in the endgame. It is curious that in practice Black failed twice to
hold the position:} Kd7 (15... Rc8 16. Ke2 Kd7 17. a4 b4 18. Rhc1 Be7 (18...
Rxc1 19. Rxc1 Bd6 {does not secure an easy draw either:} 20. Bxd6 Kxd6 21. a5
$1 {[%csl Ra6,Rb4] and Black will always face problems due to his weak
queenside pawns.}) 19. Rxc8 Rxc8 20. Bxh7 f5 21. Kd1 Rh8 22. Bg6 Rh6 23. Rc1
Bd8 24. Bf7 g5 25. Be5 Rh7 26. Bg8 Rh6 27. Ke2 Bc6 28. b3 Bc7 29. Bf7 Bxe5 30.
dxe5 Bb7 31. Be8+ $1 Kd8 (31... Kxe8 $142 32. Rc7 Rxh2 33. Rxb7 Rxg2 34. Rxb4
$16) 32. Bc6 Bc8 33. h3 $18 {1-0 Grigoriants,S (2540)-Alavkin,A (2476)/Moscow
2005 (58)}) 16. Ke2 Bd6 17. Bxd6 Kxd6 18. Rhc1 $14 {1-0 Gleizerov,E (2560)
-Dumitrache,D (2445)/Predeal 2006 (38)}) (10... Ra7 {looks a bit artificial:}
11. Nxd7 Qxd7 12. Be5 $1 c5 (12... Be7 13. Qg3 O-O 14. Rd1 $14) 13. Qg3 $36)
11. Nxd7 {The most precise move. It makes sense to take on d7 before Black
protects the knight with the rook.} (11. Bd3 Rd8 12. O-O c5 $132 {1/2-1/2
Prusikin,M (2571)-Von Herman,U (2364)/Koenigshofen 2007 (42)}) 11... Nxd7 12.
Bd3 c5 (12... Be7 13. Qg3 c5 14. Qxg7 Bf6 15. Qg3 cxd4 {looks scary for Black,
but maybe it is a worth try.}) 13. Be4 Bxe4 14. Nxe4 Qa5+ $146 {This novelty
is nicely refuted by Riazantsev. On the other hand Black's position was
already quite dangerous.} (14... Rc8 15. O-O Qc6 (15... Be7 16. Qg3 $1 $36) (
15... cxd4 16. Rac1 $36) 16. dxc5 f5 (16... Nxc5 17. Rac1 f5 18. Nxc5 Qxf3 19.
gxf3 Rxc5 20. Rxc5 Bxc5 21. Rc1 Be7 22. Rc8+ Bd8 23. Ra8 a5 24. Bc7 Kd7 25.
Bxa5 $18) 17. Nd6+ Bxd6 18. Bxd6 Qxf3 19. gxf3 $16 {1-0 Milanovic,D (2434)
-Stojanovic,D (2442)/Banja Luka 2004(52)}) 15. Ke2 $1 {It turns out that the
loss of castle does not disturb White. He consolidates very quickly, while the
queen on a5 is no helping Black in defense.} ({Good is also} 15. Nc3 Ra7 16.
O-O Be7 (16... cxd4 17. Ne4 $1 $36) 17. Qg3 O-O 18. Bh6 Bf6 19. Ne4 $16) 15...
Rc8 16. Rhd1 {Black cannot complete development in an open position, which
means that White is close to winning.} Qb4 (16... Be7 17. Qg3 (17. Bd6 $16) (
17. Nd6+ $16) 17... O-O 18. Bh6 $18) (16... cxd4 17. exd4 $16 (17. Rxd4 $16))
17. Kf1 $1 $18 {The last preparatory move before starting active actions.
Black is helpless.} c4 (17... Qc4+ 18. Kg1 cxd4 19. Rxd4 Qc6 20. Rad1 f5 21.
Ng5 Qxf3 22. gxf3 $18) 18. Qg3 ({A nice finish would have been} 18. Bd6 $1 Bxd6
19. a3 {and Black can resign}) 18... Nf6 19. Nxf6+ gxf6 20. d5 exd5 21. Rxd5 {
It is obvious that Black cannot avoid the inevitable. In spite of a stubborn
defense Movsesian was unable to save such a ruined position.} c3 {These small
tricks require just accuracy from White.} 22. Qg4 $1 (22. bxc3 $4 Qc4+ 23. Kg1
Qxd5 $19) 22... Qc4+ 23. Kg1 Qc6 (23... Qxd5 24. Qxc8+ $18) 24. bxc3 Qe6 25.
Qf3 Rxc3 26. Rad1 Be7 27. h3 Rg8 28. Rd7 Qc6 29. Qxc6 Rxc6 {Black succeeded to
keep material equality and exchange queens, but his ruins remain also in
endgame.} 30. Ra7 Bd8 31. Rdd7 Rg7 32. Rd4 Rg8 33. Bd6 $1 {On top of all his
problems, Black is under the attack in endgame too.} f5 34. Rd5 Rg6 35. Bg3 f4
36. Bxf4 Bf6 37. Rdd7 Rc1+ 38. Kh2 Rc2 39. Bg3 Rxa2 40. Rxf7 h5 41. Rh7 Rd2 42.
Rxa6 b4 43. Rb7 b3 44. Ra8+ Bd8 45. Bh4 1-0

[Event "Bundesliga 0001"]
[Site "Germany"]
[Date "2000.03.10"]
[Round "10.2"]
[White "Nielsen, Peter Heine"]
[Black "Rogozenco, Dorian"]
[Result "1-0"]
[WhiteElo "2578"]
[BlackElo "2531"]
[Annotator "Rogozenco,D"]
[PlyCount "99"]
[EventDate "2000.10.14"]
[EventType "team-tourn"]
[EventRounds "15"]
[EventCountry "GER"]
[SourceTitle "CBM 082"]
[Source "ChessBase"]
[SourceDate "2001.05.17"]
[SourceVersion "1"]
[SourceVersionDate "2001.05.17"]
[SourceQuality "1"]
[WhiteTeam "Wattenscheid"]
[BlackTeam "Magdeburg USC"]
[WhiteTeamCountry "GER"]
[BlackTeamCountry "GER"]

1. d4 d5 2. c4 c6 3. Nf3 Nf6 4. Nc3 a6 5. h3 {The only advantage of this move
is avoiding theory.} b5 (5... e6 {is playable as well.}) 6. c5 $146 {A rare
case in modern chess - to have a new position after just 6 moves.} (6. cxd5
cxd5 $11) 6... Bf5 (6... g6 7. Bf4 Bg7 8. e3 $14) (6... Qc7 7. g3 $14) (6...
Ne4 $5) 7. g4 (7. Bf4 Ne4 $11) 7... Be4 (7... Bg6 8. Bg2 Ne4 $13) 8. Bg2 Bxf3
9. exf3 (9. Bxf3 $14 e5 $140 10. dxe5 Nfd7 11. Nxd5 $1 {We both missed this
nice piece sac.} cxd5 12. Qxd5 Ra7 13. c6 Bb4+ 14. Kf1 $36) 9... e6 (9... g6
10. Bf4 Bg7 11. Qd2 O-O 12. Bh6 $14) 10. f4 g6 $1 (10... h5 11. Qf3 (11. g5 $6
Ng8 {/\g6, Bg7, Ne7-f5.}) 11... hxg4 12. hxg4 Rxh1+ 13. Bxh1 $13) 11. f5 $2 (
11. Be3 $14) 11... exf5 12. gxf5 Bg7 13. Be3 $6 (13. Qe2+ $1 $13) 13... O-O
$132 {Now Black is better.} 14. Qf3 (14. Qd2 Re8 15. O-O-O a5 $132 (15... Ne4
$5) (15... Nbd7 $5)) 14... Re8 (14... Ne4 $6 15. Nxe4 dxe4 16. Qxe4 Re8 17. Qd3
Qxd4 18. Qxd4 Bxd4 19. O-O-O Bxe3+ 20. fxe3 {><Nb8}) 15. O-O-O Ne4 (15... Nbd7
$5) 16. fxg6 hxg6 (16... fxg6 $5 {/\Ra7-f7 was called for, but I felt that
Black must be the first one in creating threats against enemy's King after the
risky 16. ... hxg6.}) 17. Nxe4 dxe4 18. Qf4 Qd5 19. h4 $5 {The right decision
to start active actions. However, in concrete play Black has more
counterchances.} (19. Kb1 Nd7 20. h4 Nf6 $15) 19... Nd7 20. h5 gxh5 $1 (20...
Nxc5 $2 21. hxg6 fxg6 22. dxc5 Qxa2 23. Rd6 $1 $18 (23. Rd4 Rad8 $1 $40) (23.
Rd2 Qa1+ 24. Kc2 Qxb2+ 25. Kd1 Rad8 $13)) 21. Rdg1 Nf8 22. Bh3 Ng6 23. Qf5 (23.
Qg5 $142 Qxg5 $140 24. Rxg5 Rad8 25. Bf5 Bxd4 26. Bxg6 fxg6 27. Rxg6+ Kf7 28.
Rxc6 Re5 $13) 23... Rad8 $1 $17 (23... Qxa2 24. Qxh5 Rad8 25. Bf5 Qc4+ (25...
Rxd4 26. Bxd4 Bxd4 27. Rxg6+ fxg6 28. Qxg6+ Kf8 (28... Bg7 $4 29. Rh8+ $1 Kxh8
30. Qh7#) 29. Qd6+ Re7 30. Qd8+ Re8 31. Qxd4 Qa1+ 32. Kc2 Qxh1 33. Qf6+ Kg8 34.
Be6+ Rxe6 35. Qxe6+ Kg7 36. Qxc6) 26. Kb1 Qd3+ 27. Ka1 Rxd4 28. Bxd4 Qxd4 $15)
24. Kb1 Bxd4 25. Bxd4 Qxd4 26. Qxh5 (26. Rxg6+ {I spent almost all my time to
calculate this.} fxg6 27. Qxg6+ Qg7 28. Be6+ Kf8 29. Qf5+ Ke7 30. Qxe4 {
and it took me quite a while to realise that Black is out of danger and in
fact is absolutely winning.} Rd4 {/\Kd8 -+.} 31. Qxc6 Qg6+ $19) 26... Qf6 $4
$138 {Having missed White's previous reply, I played quickly, blundering the
exchange...} (26... Qg7 {After this move with the same idea of Rd2, Black has
a large advantage, almost winning.} 27. Qe2 $8 (27. Bf5 Rd2 $19) (27. Qg5 e3 $5
(27... Rd5 28. Qe3 Rd3 $17) 28. fxe3 $140 Rd2 $19) (27. Rd1 Nf4 28. Qh4 Rxd1+
29. Rxd1 Nd3 $19) 27... Rd5 $17) 27. Bf5 {Here I realized what I have done,
but there is no other move than Rd2 now anyway.} Rd2 28. Qh7+ Kf8 29. Qh6+ Kg8
30. Qxd2 Qxf5 31. Qh6 e3+ $2 {One blunder never comes alone...} (31... Qf6 {
And although White must be winning, Black has some chances to defend.}) 32. Ka1
Qf6 (32... exf2 33. Qh8#) 33. fxe3 $18 Re5 34. Qh3 Re6 (34... Rxc5 35. Qc8+ Kg7
36. Qh8#) 35. Rf1 Qg7 36. Qf5 a5 37. Qg5 a4 38. Rd1 Re8 39. Rd8 Rxd8 40. Qxd8+
Nf8 41. a3 {The rest is just agony.} Qg2 42. Rd1 Kg7 43. Qd4+ Kg8 44. e4 Qc2
45. Rf1 $1 Ng6 46. Qd8+ Kh7 47. Rxf7+ Kh6 48. Qd4 Qc1+ 49. Ka2 Qg5 50. Qg7+ 1-0

[Event "EU-chT (Men) 16th"]
[Site "Heraklion"]
[Date "2007.11.01"]
[Round "5.2"]
[White "Ivanchuk, Vassily"]
[Black "Bacrot, Etienne"]
[Result "0-1"]
[WhiteElo "2787"]
[BlackElo "2695"]
[Annotator "Rogozenco,D"]
[PlyCount "54"]
[EventDate "2007.10.28"]
[EventType "team-swiss"]
[EventRounds "9"]
[EventCountry "GRE"]
[SourceTitle "CBM 121"]
[Source "ChessBase"]
[SourceDate "2007.11.14"]
[SourceVersion "1"]
[SourceVersionDate "2007.11.14"]
[SourceQuality "1"]
[WhiteTeam "Ukraine"]
[BlackTeam "France"]
[WhiteTeamCountry "UKR"]
[BlackTeamCountry "FRA"]

1. d4 d5 2. c4 c6 3. Nf3 Nf6 4. Nc3 a6 5. c5 Nbd7 6. Bf4 Nh5 7. Bd2 Nhf6 8. Qc2
g6 9. g3 e5 10. dxe5 Ng4 11. e6 (11. Na4 Ngxe5 12. Bc3 (12. Nxe5 Nxe5 13. Bc3
Qe7 14. O-O-O Bh6+ $36 {[%cal Gc8f5]}) 12... Bg7 (12... Nxf3+ $5 13. exf3 f6
$13) 13. O-O-O O-O 14. Nxe5 Nxe5 15. e4 $36 {1/2-1/2 Miton,K (2653)-Bacrot,E 
(2709)/Torrelavega 2007 (23)}) (11. Bg2 Ngxe5 12. Nxe5 Nxe5 13. O-O Bg7 14.
Rad1 O-O 15. Be3 Bf5 16. Qc1 Re8 17. Bd4 Qc7 18. e4 dxe4 19. Nxe4 Bxe4 20. Bxe4
Rad8 $14 {/=, 1/2-1/2 Pashikian,A (2534)-Laznicka,V (2610)/Yerevan 2007 (58)})
11... Nxc5 12. exf7+ Kxf7 13. e4 Bg7 14. Bg2 (14. h3 Nf6 15. Ng5+ Kg8 16. Be3
Qa5 $1 (16... Ncxe4 $2 {1-0 Aronian,L (2750)-Bacrot,E (2695)/Mainz (rapid)
2007 (22)}) 17. Bd2 (17. O-O-O $6 h6) 17... Qb6 18. Be3 (18. exd5 $2 Bf5 $19)
18... Qa5 $11) 14... Bxc3 $1 $146 {A strong novelty, prepared by Etienne for
his Candidates Match versus Kamsky (Elista 2007). It didn't work out then, but
the present game confirms that good opening preparation sooner or later pays
off.} (14... Re8 15. O-O Kg8 16. Bg5 Qa5 17. exd5 Bf5 18. Qd2 $14 {1/2-1/2
Sargissian,G (2658)-Laznicka,V (2593)/Moscow 2007 (44)}) 15. Bxc3 dxe4 16. Bxh8
{The correct move, which leads to a draw. This means that the entire variation
starting with 11.e6 brings White no advantage.} (16. Nd2 $6 Nd3+ (16... Qd3 17.
Qxd3 Nxd3+ 18. Ke2 Re8 $36) 17. Kf1 Ndxf2 $36 {[%cal Gg4e3]}) 16... Nd3+ 17.
Kf1 (17. Ke2 exf3+ 18. Bxf3 Qxh8 19. Qb3+ Kf8 20. Kxd3 (20. Qa3+ c5 $17) 20...
Bf5+ 21. Ke2 Qd4 $17) 17... exf3 18. Bxf3 Ngxf2 19. Qb3+ Ke7 (19... Kf8 20. Qc3
$5 Bh3+ 21. Kg1 (21. Bg2 $2 Bxg2+ 22. Kxg2 Qd5+ $19) 21... Qe7 22. Bd4 Qf7 23.
Bxf2 Qxf3 24. Qh8+ Kf7 25. Qxh7+ Kf8 $11) 20. Bg7 ({As pointed out by Bacrot
White can make a draw with} 20. Qa3+ c5 (20... Kf7 21. Qb3+ $11) 21. Re1+ Nxe1
22. Qxc5+ Qd6 23. Bf6+ Ke6 24. Qxd6+ Kxd6 25. Kxf2 Nxf3 26. Kxf3 $11 {However,
in the game White still could have escaped.}) (20. Qc3 $2 Bh3+ $19 {[%cal
Gd8h8]}) 20... Bh3+ 21. Bg2 ({Another draw is} 21. Kg1 Qd7 22. Bh6 (22. Re1+ $2
Nxe1 23. Kxf2 Nxf3 $17) 22... Re8 23. Bg5+ Kf8 24. Bh6+ $11) 21... Qd7 22. Bxh3
(22. Bh6 Nxh1 (22... Re8 23. Bg5+ Kd6 (23... Kf8 24. Bh6+ Ke7 25. Bg5+) 24.
Bf4+ Kc5 (24... Nxf4 $2 25. Qb4+ $18) 25. Rc1+ $1 Nxc1 26. Be3+ Rxe3 27. Qxe3+
Kb5 28. Kxf2 Nd3+ 29. Kg1 $13) 23. Bg5+ Kf8 24. Bh6+ Ke7 $11 (24... Ke8 25.
Qg8+)) 22... Qxh3+ 23. Kg1 Qf5 24. Qxb7+ $2 {Missing the last chance to escape.
} ({White had to deflect the knight from controlling the b4-square first:} 24.
Re1+ $1 Nxe1 25. Qxb7+ Kd6 (25... Qd7 26. Qxd7+ Kxd7 27. Kxf2 Nd3+ 28. Ke3 $14)
26. Qb4+ Kc7 (26... c5 27. Qb6+ Ke7 28. Qb7+ Ke6 29. Qb3+ Qd5 30. Qxd5+ Kxd5
31. Kxf2 Nd3+ 32. Ke3 $11) 27. Qe7+ Kb6 28. Qb4+ Qb5 29. Qd4+ c5 30. Qd6+ Qc6
31. Qxc6+ Kxc6 32. Kxf2 Nd3+ 33. Ke3 $11) 24... Kd6 {Now Black's attack is
decisive.} 25. Qb6 (25. h3 Qf3 26. Rh2 Qxg3+ 27. Rg2 Nxh3+ $19) (25. Qxa8 Nh3+
26. Kg2 Qe4+ 27. Kxh3 Nf2#) 25... Qf3 26. Qd4+ Kc7 27. Be5+ Kc8 0-1

[Event "Ciocaltea Memorial"]
[Site "Bucharest"]
[Date "2002.03.13"]
[Round "10"]
[White "Manolache, Marius"]
[Black "Rogozenco, Dorian"]
[Result "0-1"]
[WhiteElo "2433"]
[BlackElo "2530"]
[Annotator "Rogozenco,D"]
[PlyCount "74"]
[EventDate "2002.03.04"]
[EventType "tourn"]
[EventRounds "11"]
[EventCountry "ROU"]
[EventCategory "9"]
[SourceTitle "CBM 088"]
[Source "ChessBase"]
[SourceDate "2002.03.21"]
[SourceVersion "1"]
[SourceVersionDate "2002.03.21"]
[SourceQuality "1"]

1. d4 d5 2. c4 c6 3. Nf3 Nf6 4. Nc3 a6 5. c5 Nbd7 6. Bf4 Nh5 7. Be3 (7. e3 $142
) 7... g6 (7... e6 $2 8. g4 $1 Nhf6 9. g5 Nh5 10. Bh3 g6 11. Bg4 Bg7 12. Bxh5
gxh5 13. Bf4 $16 {1-0 Eingorn,V-Rogozenko,D/Berlin 1995 (51)}) 8. h3 (8. g3 Bg7
9. Bg2 O-O 10. O-O h6 11. Qd2 Kh7 12. Ne5 Nxe5 13. dxe5 Bxe5 14. Bxh6 Rh8 15.
Rad1 Kg8 16. e4 Bg4 17. f3 Be6 18. Be3 Nf6 $13 {1/2-1/2 Wells,P-Hodgson,J/
Scarborough 1999 (37)}) 8... Bg7 9. g4 Nhf6 10. Bg2 h5 $1 $146 (10... Qc7 11.
Qd2 O-O 12. Bf4 Qd8 13. Ne5 a5 14. Rd1 a4 15. O-O h5 16. f3 Qa5 17. e3 hxg4 18.
hxg4 Nh7 19. Nd3 $14 {1-0 Tunik,G-Krivoshey,S/Pardubice 1995 (40)}) 11. g5 Nh7
12. Bf4 $2 (12. O-O O-O {/\ Re8, e5=.} (12... e5 $5 $13)) 12... e5 $15 13. dxe5
(13. Nxe5 Nxe5 14. dxe5 Nxg5 $17) 13... Nxc5 14. Qd2 O-O 15. Rd1 Qe7 16. O-O
Re8 17. Bg3 $2 (17. Rfe1 Bf5 $15) 17... Ne4 $17 18. Qf4 (18. Nxe4 dxe4 19. Nd4
Bxe5 $17) 18... Nexg5 $19 19. Nxg5 Nxg5 20. Bh4 Ne6 21. Qa4 g5 22. Bg3 b5 23.
Qc2 h4 24. Bh2 Nf4 25. Bxf4 gxf4 26. Kh1 (26. e4 fxe3 27. f4 Qc5 28. Qe2 Bf5
$19) 26... Qxe5 27. Nxd5 cxd5 28. Rxd5 Qf6 29. Rh5 Rb8 30. Rg1 Re5 31. Qh7+ Kf8
32. Rxe5 Qxe5 33. Qxh4 Be6 34. Bf3 Bxa2 35. Rg4 Qf6 36. Qh5 Rc8 37. Rg5 Qxb2
0-1

[Event "CHN-ch"]
[Site "Wuxi"]
[Date "2006.06.29"]
[Round "5"]
[White "Li, Shilong"]
[Black "Wang, Hao"]
[Result "1/2-1/2"]
[WhiteElo "2539"]
[BlackElo "2605"]
[Annotator "Rogozenco,D"]
[PlyCount "58"]
[EventDate "2006.06.25"]
[EventType "tourn"]
[EventRounds "11"]
[EventCountry "CHN"]
[EventCategory "14"]
[SourceTitle "CBM 113 Extra"]
[Source "ChessBase"]
[SourceDate "2006.09.14"]
[SourceVersion "1"]
[SourceVersionDate "2006.09.14"]
[SourceQuality "1"]

1. Nf3 Nf6 2. c4 c6 3. d4 d5 4. Nc3 a6 5. c5 Nbd7 6. Bf4 Nh5 7. Bd2 Nhf6 (7...
e5 8. Nxe5 (8. dxe5 Nxc5 9. e4 (9. e3 g6 10. Nd4 Be7 11. Be2 Ng7 12. O-O O-O
13. Rc1 Kh8 14. a3 f6 15. exf6 Bxf6 $15 {1/2-1/2 Zlotnik,B (2450)-Velicka,P 
(2375)/Groningen 1991 (44)}) 9... Nxe4 (9... dxe4 10. Ng5 $16) 10. Nxe4 dxe4
11. Bc4 $1 (11. Ng5 e3 $1 12. Bxe3 Bb4+ 13. Bd2 (13. Ke2 Qe7 $17) 13... Qxg5
14. Bxb4 Qxe5+ 15. Qe2 (15. Be2 Nf4 $17) 15... Qxe2+ 16. Bxe2 Nf4 $15) 11...
exf3 $1 (11... Be7 12. Ng5 Bxg5 13. Bxf7+ Kxf7 14. Qxh5+ g6 15. Qxg5 Qxg5 16.
Bxg5 $14) 12. Qxf3 (12. Bxf7+ $2 Kxf7 13. Qxf3+ Nf6 14. exf6 Qxf6 $19) 12...
Qe7 13. Qxh5 $14 {/=, 1/2-1/2 Gelashvili,T (2576)-Arencibia,W (2535)/Turin
2006 (47)}) 8... Nxe5 9. dxe5 Qe7 (9... Bxc5 10. e4 $1 g6 11. exd5 cxd5 12. Qf3
(12. Be2 $5) 12... Be6 13. g4 Ng7 14. Bg2 O-O 15. O-O Qh4 16. Nxd5 Bxd5 17.
Qxd5 Rad8 18. Qxc5 Rxd2 19. Qb4 Rfd8 20. Qxb7 Qxg4 $44 {1/2-1/2 Shereshevski,M
(2470)-Popchev,M (2450)/Elenite 1994 (66)}) 10. e4 $5 (10. Be3 Qxe5 11. Bd4 Qe7
12. g3 Bf5 13. Qd2 Qe6 $14 {/=, 1/2-1/2 Delabarre,O (2100)-Devocelle,L (2288)/
Corr 2002 (39)}) (10. Na4 Qxe5 11. Nb6 Rb8 12. Bc3 Qe4 $1 13. Nxc8 Rxc8 14. b4
Be7 $11) 10... Qxe5 11. Be2 (11. Be3 dxe4 12. Bd4 Qf5 $13) 11... Nf6 12. exd5
Bxc5 13. O-O O-O 14. dxc6 bxc6 15. Bf3 Rb8 16. Re1 Qd4 17. Be3 Qxd1 18. Nxd1
Bxe3 19. Rxe3 Nd5 20. Re2 Be6 21. Rc1 Rfd8 22. g3 Nb4 23. a3 Bb3 24. Ne3 Nd3
25. Rc3 Be6 26. Nc4 $14 {/=, 1-0 Bologan,V (2645)-Morozevich,A (2731)/Tomsk 
(rapid) 2006 (80)}) 8. Rc1 {Thanks to Topalov this move became fashionable
after the tournament in Sofia, May 2006.} g6 (8... e5 9. Nxe5 Nxe5 10. dxe5 Ng4
11. Na4 Nxe5 12. Bc3 f6 13. Nb6 Rb8 14. Nxc8 Rxc8 15. g3 $16 {1-0 Topalov,V 
(2804)-Bacrot,E (2708)/Sofia 2006 (42)}) 9. h3 Qc7 10. g3 Bg7 11. Bf4 Qd8 12.
Bg2 Nh5 13. Bg5 h6 14. Bd2 O-O 15. e4 dxe4 16. Nxe4 Nhf6 (16... Ndf6 17. Nc3
Nd5 {as a possible alternative. However, White's chances are preferable after}
18. O-O Nhf6 19. Re1 $14) 17. Nc3 Re8 18. O-O e5 $146 {This move was suggested
in CBM 113 as a possible improvement for Black.} ({After the passive} 18... Nf8
{White enjoys a pleasant space advantage:} 19. Qb3 Ne6 20. Be3 Nc7 21. Ne5 Nfd5
22. Nxd5 Nxd5 23. Bd2 $14 {1-0 Topalov,V (2804)-Kamsky,G (2671)/Sofia 2006 (42)
}) 19. dxe5 Nxe5 20. Nxe5 Rxe5 21. Na4 (21. Bf4 Qxd1 22. Rfxd1 Re8 $11) 21...
Bxh3 (21... Nd5 22. Bc3 $14) (21... Rd5 $5 22. Bxd5 Nxd5 23. h4 $14) 22. Bxh3
Rd5 23. Rc2 Ne4 24. Nb6 Nxd2 25. Nxd5 $2 {Allowing an immediate equality.} ({
White can fight for advantage only with} 25. Re1 {In annotations of the above
mentioned game Topalov-Kamsky in CBM 113, I stopped the analysis here,
evaluating the position as preferable for White. This looks so indeed:} Rd3 (
25... Rd4 26. Nxa8 Ne4 27. Qe2 Qxa8 28. Bg2 Nf6 29. Rd2 $16) 26. Re3 $1 Rd4 (
26... Rxe3 27. Rxd2 Qe7 28. fxe3 Re8 29. Qb3 Qxc5 30. Kf2 Qh5 31. Kg2 $16) 27.
Qe2 $1 (27. Nxa8 Nc4 28. Qf3 Nxe3 29. fxe3 Rd3 $44 30. Nb6 $140 $2 Rxe3 $1 $36)
27... Rb8 28. Nd7 $16 {Possibly Black can search for a initiative somewhere in
these variations, trying to find compensation, but it is clear that only 25.
Re1 can set problems for Black.}) 25... Nxf1 $11 26. Bxf1 (26. Kxf1 $11) 26...
Qxd5 (26... cxd5 27. Bg2 $11) 27. Qxd5 cxd5 28. Bg2 Rd8 29. Rd2 Kf8 1/2-1/2